|
|
|
|
| LEADER |
00976nam a22003012a 4500 |
| 001 |
001144125 |
| 003 |
CZ BrMZK |
| 005 |
20210421143220.0 |
| 007 |
ta |
| 008 |
110412s1981 xo er|||||||||||slo d |
| 040 |
|
|
|a CBA001
|b cze
|d BOA001
|
| 041 |
1 |
|
|a slo
|h eng
|
| 080 |
9 |
|
|a 820(73)-31=850
|
| 100 |
1 |
|
|a Corman, Avery,
|d 1935-
|7 xx0018002
|4 aut
|
| 245 |
1 |
0 |
|a Kramerová versus Kramer /
|c Avery Corman ; z anglického originálu ... preložila Taťjana Ruppeldtová
|
| 250 |
|
|
|a Vyd. 1.
|
| 260 |
|
|
|a Bratislava :
|b Tatran,
|c 1981
|
| 300 |
|
|
|a 180 s.
|
| 490 |
1 |
|
|a Luk ;
|v zv. 84
|
| 650 |
|
7 |
|a americká literatura
|7 ph117170
|2 czenas
|
| 655 |
|
7 |
|a romány
|7 fd133289
|2 czenas
|
| 700 |
1 |
|
|a Ruppeldtová, Tatiana,
|d 1921-
|7 ola2002153172
|4 trl
|
| 765 |
0 |
|
|t Kramer versus Kramer
|9 Česky
|
| 830 |
|
0 |
|a LUK (Tatran)
|
| 910 |
|
|
|a BOA001
|b 2-0837.870
|
| 990 |
|
|
|a BK
|
| 991 |
|
|
|b 201104
|
| 996 |
7 |
|
|b 2619391924
|c 2-0837.870
|l MZK
|r Sklad / do 1 hodiny
|n 0
|w 001176613
|u 000010
|a 1
|e BOA001
|j MZK50
|s A
|